Agroclimate (Record no. 53044)

MARC details
000 -LEADER
fixed length control field 00593nam a2200181Ia 4500
100 ## - MAIN ENTRY--AUTHOR NAME
Personal name Vijayakumar K.R.
245 #0 - TITLE STATEMENT
Title Agroclimate
260 ## - PUBLICATION, DISTRIBUTION, ETC. (IMPRINT)
Name of publisher In: Natural rubber: Agromanagement and crop processing. (Eds. P.J. George and C. Kuruvilla Jacob). Rubber Research Institute of India, Kottayam, India, pp. 97-116.
Year of publication 2000
650 ## - SUBJECT ADDED ENTRY--TOPICAL TERM
Topical Term Climate
650 ## - SUBJECT ADDED ENTRY--TOPICAL TERM
Topical Term Non traditional region
650 ## - SUBJECT ADDED ENTRY--TOPICAL TERM
Topical Term Rainfall
650 ## - SUBJECT ADDED ENTRY--TOPICAL TERM
Topical Term Relative humidity
650 ## - SUBJECT ADDED ENTRY--TOPICAL TERM
Topical Term Rubber growing soil
700 ## - ADDED ENTRY--PERSONAL NAME
Personal name Chandrashekar T.R.
700 ## - ADDED ENTRY--PERSONAL NAME
Personal name Philip V.
942 ## - ADDED ENTRY ELEMENTS (KOHA)
Koha item type Bibliography STAF
Holdings
Withdrawn status Lost status Damaged status Not for loan Home library Current library Date acquired Koha item type
      Bibliography RRII Library RRII Library 09/04/2014 Bibliography STAF